The 3rd Thing You Need To Know: Landmarks Quiz Stats

Quiz Updated Jan 6, 2018

Challenge
Share
Tweet
Embed
Score 0/0 Timer 00:00
5 Plays Today
% Correct
Golden Gate Bridge
92.9%
Leaning Tower of Pisa
92.4%
Stonehenge
90.9%
Brandenburg Gate
84.5%
Charles Bridge
84.2%
Neuschwanstein Castle
82.3%
Christ the Redeemer
81.8%
Louvre
75%
The Little Mermaid
73%
Al-Aqsa Mosque
71.7%
% Correct
Space Needle
66.2%
Hagia Sophia
62.3%
Burj Khalifa
59.1%
Chrysler Building
58.2%
Mont Saint-Michel
56.4%
Big Ben
56.4%
Saint Basil's Cathedral
55.9%
Sydney Opera House
54%
Cloud Gate
52.4%
Kaaba
43.3%

You're not logged in!

Compare scores with friends on all Sporcle quizzes.
Sign Up with Email
OR
Log In

Show Comments

Extras

Top Quizzes Today


Score Distribution

Your Account Isn't Verified!

In order to create a playlist on Sporcle, you need to verify the email address you used during registration. Go to your Sporcle Settings to finish the process.

Report this User

Report this user for behavior that violates our Community Guidelines.

Details: